España y los españoles / (Record no. 19405)

MARC details
000 -LEADER
campo de control de longitud fija 00753nam a2200253 i 4500
001 - NÚMERO DE CONTROL
campo de control 19405
003 - IDENTIFICADOR DE NÚMERO DE CONTROL
campo de control ES-MaACL
005 - FECHA Y HORA DE LA ÚLTIMA TRANSACCIÓN
campo de control 20230906152105.0
007 - CAMPO FIJO DE DESCRIPCIÓN FÍSICA--INFORMACIÓN GENERAL
campo de control de longitud fija t|
008 - DATOS DE LONGITUD FIJA--INFORMACIÓN GENERAL
campo de control de longitud fija 020806s2002 sp ||||1| spa d
020 ## - NÚMERO INTERNACIONAL ESTÁNDAR DEL LIBRO
Número Internacional Estándar del Libro 84-264-1310-2
080 ## - NÚMERO DE LA CLASIFICACIÓN DECIMAL UNIVERSAL
Número de la Clasificación Decimal Universal 930.85(460)
100 1# - ENTRADA PRINCIPAL--NOMBRE DE PERSONA
Nombre de persona Goytisolo, Juan.
9 (RLIN) 59422
245 10 - MENCIÓN DEL TÍTULO
Título España y los españoles /
Mención de responsabilidad, etc. Juan Goytisolo ; prólogo de Ana Nuño.
250 ## - MENCION DE EDICION
Mención de edición 1ª ed. en Palabra en el Tiempo.
260 ## - PUBLICACIÓN, DISTRIBUCIÓN, ETC.
Lugar de publicación, distribución, etc. Barcelona :
Nombre del editor, distribuidor, etc. Lumen,
Fecha de publicación, distribución, etc. 2002.
300 ## - DESCRIPCIÓN FÍSICA
Extensión 145 p. ;
Dimensiones 24 cm.
490 1# - MENCIÓN DE SERIE
Mención de serie Palabra en el tiempo ;
Designación de volumen o secuencia 310
651 #4 - PUNTO DE ACCESO ADICIONAL DE MATERIA--NOMBRE GEOGRÁFICO
Nombre geográfico España-
Subdivisión general Civilización.
9 (RLIN) 8163
700 1# - ENTRADA AGREGADA--NOMBRE PERSONAL
Nombre de persona Nuño, Ana.
9 (RLIN) 86234
830 0# - PUNTO DE ACCESO ADICIONAL DE SERIE-TÍTULO UNIFORME
Título uniforme Palabra en el tiempo ;
Designación de volumen o secuencia 310
9 (RLIN) 177857
852 ## - LOCALIZACIÓN
Ubicación ES-MaACL
Número de control de estantería L-25848
Sublocalización o colección R.131630
Holdings
Estatus retirado Estado de pérdida Estado de daño No para préstamo Biblioteca de origen Biblioteca actual Ubicación en estantería Fecha de adquisición Fuente de adquisición Total de préstamos Signatura topográfica completa Código de barras Visto por última vez Precio de reemplazo Tipo de ítem Koha
        Biblioteca del Ateneo de Madrid Biblioteca del Ateneo de Madrid Depósito 2 17/01/2008     L-25848 1019855 23/02/2023 23/02/2023 Libro impreso